000
00173 a2200097 4500
020
_a
9788424115197
041
_a
spa
100
_a
Henkes, Kevin
245
_a
Owen
942
_c
BK
999
_c
9476
_d
9476